| 000 | 01106nam a2200181Ia 4500 | ||
|---|---|---|---|
| 008 | 151202s9999||||xx |||||||||||||| ||und|| | ||
| 082 | _bPNVM-80266 | ||
| 100 | _a"परांजपे ग.प्र, उत्पात वा.ना,नांदेडकर वि.प्र,कु देशपांडे व.दि,सौ.नामजोशी क.मा." | ||
| 245 | _aतेजाचं चांदण. | ||
| 260 | _b"श्रीराधादामोदर प्रतिष्ठान, पुणे." | ||
| 260 | _c2011 | ||
| 300 | _a134 | ||
| 600 | _a"परांजपे ग.प्र, उत्पात वा.ना,नांदेडकर वि.प्र,कु देशपांडे व.दि,सौ.नामजोशी क.मा." | ||
| 630 | _aतेजाचं चांदण. | ||
| 700 | _a"परांजपे ग.प्र, उत्पात वा.ना,नांदेडकर वि.प्र,कु देशपांडे व.दि,सौ.नामजोशी क.मा." | ||
| 730 | _aतेजाचं चांदण. | ||
| 942 | _cBOOK | ||
| 999 |
_c1344875 _d1344872 |
||